Score 0/24 Timer 03:00
1 Play Today
Hint Answer % Correct
____ of Arc - French heroineJoan
97.3%
Margaret ____ - British Prime MinisterThatcher
95.2%
Helen ____ - deaf and blind political activistKeller
92.5%
Queen ____ - British monarchVictoria
92.3%
Amelia ____ - aviation pioneerEarhart
91%
____ May Alcott - authorLouisa
86.8%
Eva ____ - First Lady of ArgentinaPerón
85.3%
Annie ____ - sharpshooterOakley
83%
____ O'Keeffe - painterGeorgia
83%
____ Gandhi - Prime Minister of IndiaIndira
81.8%
Mata ____ - dancer and convicted spyHari
81.7%
Virginia ____ - modernist writerWoolf
76.8%
Hint Answer % Correct
Ayn ____ - objectivist writerRand
75.1%
Benazir ____ - Prime Minister of PakistanBhutto
71%
____ Madison - First Lady of the USDolley
67.9%
____ Kahlo - painterFrida
66.9%
____ de Beauvoir - existentialist philosopherSimone
60.4%
____ Aquino - President of the PhilippinesCorazon
49.6%
____ - wife of Pharaoh AkhenatenNefertiti
44.3%
____ San Suu Kyi - Burmese politicianAung
33.1%
Jiang ____ - wife of Mao ZedongQing
25.8%
Rigoberta ____ - human rights activistMenchú
11%
____ - Queen of PalmyraZenobia
8.3%
Lady ____ - Maya Queen consortXoc
3.9%

Today's Daily Dose

Missing Word
'T' Pairs

Word Ladder
Game Pieces

Get the Picture
Baseball Movies

Remove Ads.
Support Sporcle.
Get the best of Sporcle when you Go Orange. This ad-free experience offers more features, more stats, and more fun while also helping to support Sporcle. Thank you for becoming a member.

You're not logged in!

Compare scores with friends on all Sporcle quizzes.
OR
Log In

Show Comments

Extras

Top Quizzes Today


Score Distribution

Your Account Isn't Verified!

In order to create a playlist on Sporcle, you need to verify the email address you used during registration. Go to your Sporcle Settings to finish the process.

Report this User

Report this user for behavior that violates our Community Guidelines.

Details: